Ấn tượng Thăng Long - Hà Nội
Ấn tượng Thăng Long - Hà Nội là quyển sách trong đó tập hợp những bài viết có bề sâu của nghiên cứu và hệ thống khái quát về Thăng Long - Hà Nội ở nhiều lĩnh vực khác nhau; vào những giai đoạn lịch sử khác nhau; đã in thành sách hoặc t...
Đã lưu trong:
| 格式: | 图书 |
|---|---|
| 语言: | Undetermined |
| 出版: |
Hà Nội
Lao động
2005
|
| 主题: | |
| 标签: |
添加标签
没有标签, 成为第一个标记此记录!
|
| Thư viện lưu trữ: | Trung tâm Học liệu Trường Đại học Cần Thơ |
|---|
| LEADER | 01047nam a2200217Ia 4500 | ||
|---|---|---|---|
| 001 | CTU_121081 | ||
| 008 | 210402s9999 xx 000 0 und d | ||
| 020 | |c 57500 | ||
| 082 | |a 959.7 | ||
| 082 | |b Â121 | ||
| 245 | 0 | |a Ấn tượng Thăng Long - Hà Nội | |
| 245 | 0 | |c Bùi Việt Mỹ tuyển (chọn và giới thiệu) | |
| 260 | |a Hà Nội | ||
| 260 | |b Lao động | ||
| 260 | |c 2005 | ||
| 520 | |a Ấn tượng Thăng Long - Hà Nội là quyển sách trong đó tập hợp những bài viết có bề sâu của nghiên cứu và hệ thống khái quát về Thăng Long - Hà Nội ở nhiều lĩnh vực khác nhau; vào những giai đoạn lịch sử khác nhau; đã in thành sách hoặc trên báo, tạp chí rải rác trong mấy chục năm qua | ||
| 650 | |a Vietnam,Vietnam | ||
| 650 | |x Description and travel | ||
| 650 | |z Hanoi,Hanoi | ||
| 904 | |i Năm | ||
| 980 | |a Trung tâm Học liệu Trường Đại học Cần Thơ | ||